La collection Icones de la Coupe du Monde de FIFA 23 (équipe 1) - Statistiques

Statistiques générales
  • Ce quiz a été pris 298 fois
  • Le résultat moyen est 10 sur 12
Statistiques - réponses
Poste + Pays Joueur % Correct
Buteur - Brésil Ronaldo
99%
Milieu Offensif Central - France Zinédine Zidane
97%
Buteur - Côte d'Ivoire Didier Drogba
94%
Ailier Droit - Portugal Luis Figo
91%
Avant Centre - Portugal Eusebio
90%
Avant Centre - Pays-Bas Johan Cruyff
89%
Milieu Défensif Central - France Emmanuel Petit
76%
Buteur - Allemagne Miroslav Klose
76%
Milieu Offensif Central - Danemark Michael Laudrup
74%
Défenseur Central - Angleterre Bobby Moore
73%
Buteur - Argentine Hernan Crespo
71%
Buteur - Espagne Emilio Butragueno
63%
Aucun quiz correspondant
Distribution des résultats
% des personnes avec chaque résultat
Percentile par nombre de réponses
Votre historique - résultats
Vous n’avez pas pris ce quiz